On This Day: March 5th Quiz Stats

 Plays Quiz Updated Jul 26, 2017

Support Sporcle.
Go Orange.
Score 0/7 Timer 03:00
1 Play Today
Question Answer Wrong Answers
This rock quartet performs 'Stairway to Heaven' live for the first time in Belfast.
1971
Led Zeppelin
89.3%
The Rolling Stones
5.5%
Deep Purple
1.6%
The Kinks
0.9%
The US Senate officially initiates an impeachment trial for this President.
1868
Andrew Johnson
76%
Ulysses S. Grant
5.5%
Rutheford B. Hayes
6.8%
James Garfield
9.5%
British troops fire on protesters in this American colonial city, killing 5 including runaway slave Crispus Attucks.
1770
Boston
75.1%
Philadelphia
14.1%
Hartford
6%
Washington, D.C.
4.2%
Vice-President Nicolás Maduro assumes the Presidency of this nation following the death of Hugo Chávez.
2013
Venezuela
71.9%
Chile
12.2%
Argentina
9.5%
Honduras
3.1%
This longtime Baltimore Orioles manager, who won nearly 1,500 games with the franchise, is inducted into the National Baseball Hall of Fame.
1980
Earl Weaver
46.3%
Bobby Cox
16.4%
Tony La Russa
15.5%
Sparky Anderson
18.6%
The Catholic Church places 'De revolutionibus orbium coelestium', by this astronomer, on their list of forbidden books for suggesting that the Earth revolves around the sun.
1616
Nicolaus Copernicus
41.6%
Galileo Galilei
54.8%
Johannes Kepler
2.3%
Tycho Brahe
1.3%
The First Burmese War begins when this nation formally declares war on the Burmese Empire.
1824
United Kingdom
39.7%
United States
1.8%
China
41.8%
France
15.2%

You're not logged in!

Compare scores with friends on all Sporcle quizzes.
OR
Log In
Forgot?

From the Vault

British Citizens Overseas

by mykl

You can take the UK citizen out of their homeland, but you can't take the homeland out of the UK citizen.
Remove Ads.
Support Sporcle.
Get the best of Sporcle when you Go Orange. This ad-free experience offers more features, more stats, and more fun while also helping to support Sporcle. Thank you for becoming a member.

Show Comments

Extras

Top Quizzes Today


Score Distribution

Your Account Isn't Verified!

In order to create a playlist on Sporcle, you need to verify the email address you used during registration. Go to your Sporcle Settings to finish the process.

Report this User

Report this user for behavior that violates our Community Guidelines.

Details: